| 000 | 00909nam a2200241Ia 4500 | ||
|---|---|---|---|
| 003 | OSt | ||
| 005 | 20220923221809.0 | ||
| 006 | a|||||r|||| 00| 0 | ||
| 007 | ta | ||
| 008 | 220922b |||||||| |||| 00| 0 hin d | ||
| 024 | _a200,159 | ||
| 037 | _cTextual | ||
| 040 |
_aARTS _cARTS _bhin |
||
| 041 |
_2hin _ahin |
||
| 082 | _aQ3:33xC4, 152K0 | ||
| 100 |
_aकुमुद, कमल कुमार; पुष्पेन्द्र, फुलचन्द _9165658 |
||
| 245 | 0 | _aमहावीर श्री चित्र शतक | |
| 246 | _ahināvīr shrī chitra shataka | ||
| 260 |
_aदिल्ली _b भीकमसेन रतनलाल जैन _c1960 |
||
| 300 |
_afofo/k पृ. _ccm. |
||
| 942 |
_hQ3:33xC4, 152K0 _cTEXL _2CC |
||
| 999 |
_c351831 _d351831 |
||